书目信息 |
| 题名: |
植物名字的故事
|
|
| 作者: | 刘夙, 著 | |
| 分册: | ||
| 出版信息: | 北京 北京大学出版社 2024.01 |
|
| 页数: | 19, 245页 | |
| 开本: | 22cm | |
| 丛书名: | ||
| 单 册: | ||
| 中图分类: | Q94-49 | |
| 科图分类: | ||
| 主题词: | 植物--zhi wu--普及读物 | |
| 电子资源: | ||
| ISBN: | 978-7-301-34559-7 | |
| 000 | 01207nam0 2200289 450 | |
| 001 | 94518 | |
| 005 | 20250820165136.84 | |
| 010 | @a978-7-301-34559-7@b精装@dCNY89.00 | |
| 099 | @aCAL 012023138145 | |
| 100 | @a20231128d2024 ekmy0chiy50 ea | |
| 101 | 0 | @achi |
| 102 | @aCN@b110000 | |
| 105 | @aac a 000yy | |
| 106 | @ar | |
| 200 | 1 | @a植物名字的故事@Azhi wu ming zi de gu shi@f刘夙著 |
| 210 | @a北京@c北京大学出版社@d2024.01 | |
| 215 | @a19, 245页@c彩图, 肖像@d22cm | |
| 312 | @a英文题名取自封面 | |
| 314 | @a刘夙, 博士毕业于中国科学院植物研究所, 现为上海市辰山植物园研究员。从事植物分类学研究和世界植物名录修订工作, 主持“多识植物百科”网站, 又积极参与科学传播工作, 自称“通俗读物作者”。 | |
| 320 | @a有书目 (第239-240页) | |
| 330 | @a本书语言诙谐而风趣, 故事轻松而幽默, 充满深厚的人文情怀。跟随这本书, 一起走进植物名字的发现之旅吧。既能了解植物学名中隐含的专业知识, 也能从中窥见那些与植物命名相系的人物、历史渊源。在获得科学发现的同时, 也能陶冶科学素养, 获得人文享受。 | |
| 510 | 1 | @aStory of plant names@zeng |
| 606 | 0 | @a植物@Azhi wu@j普及读物 |
| 690 | @aQ94-49@v5 | |
| 701 | 0 | @a刘夙,@Aliu su@f1982-@4著 |
| 801 | 0 | @aCN@c20250909 |
| 905 | @a河南城建学院图书馆@dQ94-49@eL678@f1 | |
| 植物名字的故事/刘夙著.-北京:北京大学出版社,2024.01 |
| 19, 245页:彩图, 肖像;22cm |
| ISBN 978-7-301-34559-7(精装):CNY89.00 |
| 本书语言诙谐而风趣, 故事轻松而幽默, 充满深厚的人文情怀。跟随这本书, 一起走进植物名字的发现之旅吧。既能了解植物学名中隐含的专业知识, 也能从中窥见那些与植物命名相系的人物、历史渊源。在获得科学发现的同时, 也能陶冶科学素养, 获得人文享受。 |
| ● |
| 相关链接 |
|
|
|
正题名:植物名字的故事
索取号:Q94-49/L678
 
预约/预借
| 序号 | 登录号 | 条形码 | 馆藏地/架位号 | 状态 | 备注 |
| 1 | 1628724 | 216287248 | 自科库401/401自科库 34排3列4层/ [索取号:Q94-49/L678] | 在馆 |